Riconosci il Pokémon - Quiz n°301 - Statistics

Statistiche generali
  • Questo quiz è stato fatto 1 volte
  • Il punteggio medio è 10 su 10
Statistiche sulle risposte
Indizio Risposta % Corretto
Altezza 1,5 m
100%
Tasso di cattura 45 (11.9%)
100%
Peso 60,4 kg
100%
Sesso 87.5% ♂, 12.5% ♀
100%
Pokémon Cradily
100%
Tasso di allevamento Irregolare
100%
Stadio evoluzione Prima evoluzione
100%
Tipo Roccia / Erba
100%
Generazione Terza
100%
Abilità Ventose; Acquascolo
100%
Nessun quiz corrispondente trovato
Distribuzione punteggi
Percentuale di utenti per punteggio
Percentile per numero di risposta
I tuoi punteggi nel tempo
Non hai fatto questo quiz